[Event "Women's Speed Chess Q5"]
[Site "chess.com INT"]
[Date "2020.06.22"]
[Round "8"]
[White "Singgih, Diajeng Theresa"]
[Black "Artemyeva, Olga"]
[Result "0-1"]
[WhiteTitle "WFM"]
[BlackTitle "WFM"]
[WhiteElo "1972"]
[BlackElo "2069"]
[WhiteFideId "7104391"]
[BlackFideId "4138422"]
[EventDate "2020.06.22"]

1. e4 e5 2. Nf3 Nc6 3. d4 exd4 4. Nxd4 Qf6 5. Nb3 Qg6 6. Nc3 d6 7. Be2 Qxg2 8.
Bf3 Qh3 9. Bf4 Nf6 10. Qe2 Bg4 11. Bxg4 Qxg4 12. Qxg4 Nxg4 13. f3 Nge5 14. O-O
O-O-O 15. Nd5 Be7 16. Be3 Nc4 17. Bxa7 b6 18. a4 Kb7 19. a5 Bf6 20. axb6 cxb6
21. Nxf6 gxf6 22. Ra4 b5 23. Ra2 Nxa7 24. Nd4 Ne5 25. Rfa1 Nac6 26. Nxb5 Nxf3+
27. Kf2 Nfe5 28. Rd1 Nb4 29. Ra4 Nbc6 30. Nxd6+ Kc7 31. Nb5+ Kb6 32. Nd4 Nxd4
33. Raxd4 Rxd4 34. Rxd4 Rc8 35. c3 Rc4 36. Rd6+ Rc6 37. Rd8 Nc4 38. Rh8 Nxb2 39.
Rxh7 Nd3+ 40. Ke3 Ne5 41. Kd2 Rd6+ 42. Kc2 Kc5 43. h4 Nf3 44. h5 Rd2+ 0-1

[Event "Women's Speed Chess Q5"]
[Site "chess.com INT"]
[Date "2020.06.22"]
[Round "8"]
[White "Berdychevskaya, Natasha"]
[Black "Cholleti, Sahajasri"]
[Result "0-1"]
[WhiteTitle "WFM"]
[BlackTitle "WIM"]
[WhiteElo "2208"]
[BlackElo "2235"]
[WhiteFideId "4159322"]
[BlackFideId "5045118"]
[EventDate "2020.06.22"]

1. e4 c5 2. Nf3 d6 3. d4 cxd4 4. Nxd4 Nf6 5. Nc3 a6 6. Rg1 e5 7. Nb3 Be6 8. g4
d5 9. g5 Nxe4 10. Nxe4 dxe4 11. Qxd8+ Kxd8 12. Bg2 h6 13. Bxe4 Kc7 14. gxh6 g6
15. Bg5 Nd7 16. O-O-O Bxh6 17. h4 Bxg5+ 18. hxg5 Rh2 19. f3 Rah8 20. Nd2 Nc5 21.
Nf1 Rf2 22. Ne3 Rhh2 23. Bd5 Re2 24. Rge1 Ref2 25. Rf1 b5 26. b3 Bxd5 27. Nxd5+
Kb7 28. Ne3 Kc6 29. Kb1 Ne6 30. Ng4 Rxf1 31. Rxf1 Re2 32. Nh6 Nxg5 33. f4 exf4
34. Rxf4 f5 35. Ng8 Ne4 36. Ne7+ Kc5 37. Nxg6 Kb4 38. Kb2 Rf2 39. a3+ Kc5 0-1

[Event "Women's Speed Chess Q5"]
[Site "chess.com INT"]
[Date "2020.06.22"]
[Round "8"]
[White "Sharmin, Samiha Shimmi"]
[Black "Hryzlova, Sofiia"]
[Result "0-1"]
[WhiteTitle "WCM"]
[BlackTitle "WCM"]
[WhiteElo "1812"]
[BlackElo "1940"]
[WhiteFideId "10203087"]
[BlackFideId "14174669"]
[EventDate "2020.06.22"]

1. e4 e6 2. d4 d5 3. Nc3 Nf6 4. e5 Nfd7 5. f4 c5 6. Nf3 Nc6 7. Be3 a6 8. Qd2 Be7
9. dxc5 Nxc5 10. Nd4 Bd7 11. O-O-O b5 12. Qf2 Na4 13. Nxa4 bxa4 14. Bd3 Rb8 15.
Kb1 Rb7 16. Bxa6 Rb6 17. Nxc6 Rxc6 18. Bb5 Rc7 19. Bxd7+ Qxd7 20. Rd3 Rb7 21.
Rhd1 O-O 22. f5 exf5 23. Rxd5 Qe6 24. Qd2 Rfb8 25. b3 axb3 26. cxb3 h6 27. Qc3
Bb4 28. Qc2 Kh7 29. Rd8 Rxd8 30. Rxd8 Qxe5 31. Bc1 Rc7 32. Qd1 Qe4+ 33. Qd3
Qxd3+ 34. Rxd3 Re7 35. a3 Bc5 36. b4 Bg1 37. h3 Re2 38. g4 fxg4 39. hxg4 Rg2 40.
Rd4 Bxd4 41. g5 Rg4 42. gxh6 gxh6 43. Kc2 h5 44. Kb3 h4 45. b5 h3 46. Kc4 Bb6+
47. Kd5 h2 48. Kc6 h1=Q+ 49. Kxb6 Qxc1 50. a4 Qa3 51. a5 Rb4 52. a6 Qb3 53. Ka7
Rxb5 54. Ka8 Qd5+ 55. Ka7 Qc5+ 56. Ka8 Qc8+ 57. Ka7 Qb8# 0-1

[Event "Women's Speed Chess Q5"]
[Site "chess.com INT"]
[Date "2020.06.22"]
[Round "8"]
[White "Hejazipour, Mitra"]
[Black "Nandhidhaa, P V"]
[Result "0-1"]
[WhiteTitle "WGM"]
[BlackTitle "WGM"]
[WhiteElo "2300"]
[BlackElo "2365"]
[WhiteFideId "12505951"]
[BlackFideId "5050847"]
[EventDate "2020.06.22"]

1. Nf3 e6 2. c4 c5 3. g3 b6 4. Bg2 Bb7 5. O-O Nf6 6. Nc3 d6 7. d4 cxd4 8. Qxd4
Be7 9. Rd1 O-O 10. Bg5 Nbd7 11. e4 a6 12. Rac1 Rc8 13. b3 h6 14. Be3 Ng4 15. h3
Nxe3 16. Qxe3 Qc7 17. Nd4 Rfe8 18. f4 g6 19. Kh2 Bf6 20. Qd2 Red8 21. Nde2 Nc5
22. Qe3 h5 23. h4 Bg7 24. Rd2 Nd7 25. Bf3 Nf6 26. Na4 Bxe4 27. Kg2 Bxf3+ 28.
Qxf3 Ng4 29. Rcd1 b5 30. cxb5 axb5 31. Nb2 Qb6 32. Nd4 d5 33. Kh3 b4 34. Na4 Qa7
35. Re1 Bxd4 36. Qd3 Bc3 37. Nxc3 bxc3 38. Rc2 d4 39. f5 Ne3 40. fxg6 fxg6 41.
Qxg6+ Qg7 42. Qxe6+ Qf7 43. Qxf7+ Kxf7 44. Rf2+ Kg7 0-1

[Event "Women's Speed Chess Q5"]
[Site "chess.com INT"]
[Date "2020.06.22"]
[Round "8"]
[White "Dordzhieva, Dinara"]
[Black "Sharma, Isha"]
[Result "0-1"]
[WhiteTitle "WIM"]
[BlackTitle "WIM"]
[WhiteElo "2354"]
[BlackElo "2276"]
[WhiteFideId "24157570"]
[BlackFideId "35006665"]
[EventDate "2020.06.22"]

1. d4 Nf6 2. c4 g6 3. Nf3 Bg7 4. g3 O-O 5. Bg2 d6 6. Nc3 c5 7. O-O cxd4 8. Nxd4
Nc6 9. Nxc6 bxc6 10. Bxc6 Rb8 11. Bg2 Qa5 12. Qc2 Be6 13. b3 Ne4 14. Bxe4 Qxc3
15. Qxc3 Bxc3 16. Rb1 a5 17. Be3 f5 18. Bg2 Bf7 19. Rfc1 Bf6 20. Ba7 Rbc8 21. a4
e5 22. Bb6 Bg5 23. e3 f4 24. Be4 fxe3 25. Bxe3 Bxe3 26. fxe3 Be6 27. Rd1 Rfd8
28. Bd5 Kf7 29. Bxe6+ Kxe6 30. Rd5 Rc5 31. Rbd1 Rxd5 32. cxd5+ Kf5 33. Kf2 Ke4
34. Ke2 Rb8 35. Rd3 Rc8 36. Rd2 Rc3 37. Rb2 Rxe3+ 38. Kf2 Rd3 39. b4 axb4 40.
Rxb4+ Kxd5 41. Rb7 Ra3 42. Rxh7 Rxa4 43. Rg7 Ke4 44. Rxg6 Ra2+ 45. Kg1 d5 46. h4
Kf3 47. h5 e4 48. h6 Ra8 49. h7 Rh8 50. Rg7 d4 51. Kf1 d3 52. g4 d2 53. Rd7 Rxh7
54. Rxd2 Rh1# 0-1

[Event "Women's Speed Chess Q5"]
[Site "chess.com INT"]
[Date "2020.06.22"]
[Round "8"]
[White "Morris-Suzuki, Sophie"]
[Black "Hoang, Thi Bao Tram"]
[Result "1-0"]
[WhiteTitle "WFM"]
[BlackTitle "WGM"]
[WhiteElo "2043"]
[BlackElo "2288"]
[WhiteFideId "30922615"]
[BlackFideId "12401102"]
[EventDate "2020.06.22"]

1. e4 c6 2. d4 d5 3. e5 g6 4. h4 h5 5. Bd3 Nh6 6. Bg5 Qb6 7. Nf3 Bg4 8. Nbd2 Nd7
9. Qc1 Bg7 10. c3 Nf8 11. Nb3 Ne6 12. Be3 a5 13. Nh2 Bf5 14. Be2 a4 15. Nd2 c5
16. dxc5 Qc7 17. Bb5+ Kf8 18. Ndf3 Nxc5 19. O-O Ng4 20. Bd4 Nd3 21. Bxd3 Bxd3
22. Re1 Be4 23. Ng5 Nxh2 24. Kxh2 Bxe5+ 25. Bxe5 Qxe5+ 26. Kg1 f6 27. Nf3 Qc7
28. Nd4 Kf7 29. f3 Bf5 30. Nxf5 gxf5 31. Qd2 Rad8 32. Qd3 e6 33. Qe3 Rde8 34. c4
dxc4 35. Rad1 Re7 36. Rd4 b5 37. Red1 Qe5 38. Qf2 Rg8 39. f4 Qc5 40. Qf3 Rg4 41.
Qf2 Qc7 42. g3 Kg6 43. Rd8 Qa7 44. R1d4 e5 45. fxe5 Rxd4 46. Rxd4 fxe5 47. Rd6+
Kf7 48. Rb6 Re6 49. Rxb5 1-0

[Event "Women's Speed Chess Q5"]
[Site "chess.com INT"]
[Date "2020.06.22"]
[Round "8"]
[White "Mahalakshmi, M"]
[Black "Hng, Mei-En Emmanuelle"]
[Result "1-0"]
[WhiteTitle "WIM"]
[BlackTitle "WFM"]
[WhiteElo "2253"]
[BlackElo "2029"]
[WhiteFideId "5001080"]
[BlackFideId "5804566"]
[EventDate "2020.06.22"]

1. d4 Nf6 2. Bf4 c5 3. e3 Qb6 4. b3 e6 5. Nf3 Nc6 6. Be2 Be7 7. O-O O-O 8. h3
Nd5 9. Bh2 f5 10. c4 Nf6 11. Nc3 Ne4 12. Nxe4 fxe4 13. dxc5 Qxc5 14. Nd4 Bf6 15.
Nb5 Ne5 16. Rc1 b6 17. Nd6 Ba6 18. Nxe4 Qe7 19. Nxf6+ gxf6 20. Bxe5 fxe5 21. Bf3
Rac8 22. Re1 Qg5 23. Be4 d5 24. cxd5 Rxc1 25. Qxc1 Qh4 26. f3 Kh8 27. dxe6 Qh6
28. Bd5 Bb5 29. Qb2 Qg7 30. Rc1 Rg8 31. a4 Be8 32. e7 Bf7 33. Bxf7 Qxf7 34.
Qxe5+ Qg7 35. Qxg7+ Kxg7 36. Rc7 Kf7 37. Rxa7 Re8 38. Rb7 Rc8 39. b4 Rc1+ 40.
Kh2 Rc2 41. Rxb6 Kxe7 42. a5 Ra2 43. Rb7+ Kf6 44. Rxh7 1-0

[Event "Women's Speed Chess Q5"]
[Site "chess.com INT"]
[Date "2020.06.22"]
[Round "8"]
[White "Golubenko, Valentina"]
[Black "Ovezdurdiyeva, Jemal"]
[Result "1/2-1/2"]
[WhiteTitle "WGM"]
[BlackTitle "WFM"]
[WhiteElo "2209"]
[BlackElo "2061"]
[WhiteFideId "4501993"]
[BlackFideId "14001888"]
[EventDate "2020.06.22"]

1. d4 Nf6 2. g3 g6 3. Bg2 Bg7 4. c4 O-O 5. Nc3 d6 6. d5 e5 7. e4 Nbd7 8. Nge2 a5
9. O-O Nc5 10. f4 exf4 11. Bxf4 Ng4 12. Qd2 f5 13. h3 Ne5 14. b3 fxe4 15. Nxe4
Nxe4 16. Bxe4 Bxh3 17. Bg2 Bxg2 18. Kxg2 Ng4 19. Nd4 Qf6 20. Ne6 Rf7 21. Rae1
Qb2 22. Qxb2 Bxb2 23. Re2 Bc3 24. a3 h6 25. Rc1 Bh8 26. c5 g5 27. Bd2 Re8 28.
Bxa5 dxc5 29. Rxc5 b6 30. Bxb6 cxb6 31. Rc6 b5 32. Rb6 Ra7 33. Ra2 Ne3+ 34. Kf3
Nxd5 35. Rxb5 Nc3 36. Rb6 Nxa2 37. a4 Rae7 38. Nd4 Bxd4 39. Rxh6 Re3+ 40. Kg4
Rxb3 41. a5 Ra3 42. a6 Be3 43. Rg6+ Kf7 44. Rc6 Ra8 45. Kf5 R8xa6 46. Rc7+ Ke8
47. Rc8+ Kd7 48. Rg8 R3a5+ 49. Kg4 Nc3 50. Rg7+ Ke6 51. Kh5 Kf6 52. Rg6+ Kf5 53.
Rg8 Ra1 54. Rf8+ Ke4 55. Re8+ Kf3 56. Rf8+ Kxg3 57. Rf3+ Kxf3 1/2-1/2

[Event "Women's Speed Chess Q5"]
[Site "chess.com INT"]
[Date "2020.06.22"]
[Round "8"]
[White "Kalinina, Larisa"]
[Black "Soumya, Swaminathan"]
[Result "1-0"]
[WhiteTitle "WIM"]
[BlackTitle "IM"]
[WhiteElo "2131"]
[BlackElo "2351"]
[WhiteFideId "14106361"]
[BlackFideId "5016193"]
[EventDate "2020.06.22"]

1. e4 c5 2. Nf3 Nc6 3. d4 cxd4 4. Nxd4 Nf6 5. Nc3 d6 6. f4 e5 7. Nf3 exf4 8. Bd3
Be6 9. Bxf4 Be7 10. O-O Qb6+ 11. Kh1 Ng4 12. Qe1 Nge5 13. Nd5 Bxd5 14. exd5 Nxf3
15. Rxf3 Nb4 16. Re3 Nxd5 17. Re4 O-O 18. Rxe7 Nxf4 19. Bxh7+ Kxh7 20. Qh4+ Kg8
21. Qxf4 Qxb2 22. Rf1 Qxa2 23. Rxb7 Qa6 24. Rxf7 Qxf1+ 25. Qxf1 Rxf7 26. Qd1 Re8
27. h3 Rf6 28. Qd5+ Kf8 29. Qb7 Re7 30. Qa8+ Kf7 31. Qd5+ Kg6 32. c4 Re5 33.
Qd3+ Kf7 34. Kh2 a5 35. Qb3 Kg6 36. Qd3+ Kh6 37. Kg3 Rfe6 38. Qd2+ Kh7 39. Qd3+
g6 40. Kh2 Kg7 41. Qd4 Kf7 42. Qa7+ Kf6 43. Qd4 Kf7 44. Qa7+ Re7 45. Qb6 Ke6 46.
Qb3 Rc5 47. Qe3+ Kf6 48. Qc3+ Kf7 49. Qf3+ Kg7 50. Qc3+ Ree5 51. Qd3 Rc6 52. Qd4 1-0

[Event "Women's Speed Chess Q5"]
[Site "chess.com INT"]
[Date "2020.06.22"]
[Round "8"]
[White "Gaponenko, Inna"]
[Black "Skuhala, Barbara"]
[Result "0-1"]
[WhiteTitle "IM"]
[BlackTitle "WFM"]
[WhiteElo "2396"]
[BlackElo "2095"]
[WhiteFideId "14101181"]
[BlackFideId "14605465"]
[EventDate "2020.06.22"]

1. e4 c5 2. c3 d5 3. exd5 Qxd5 4. d4 cxd4 5. cxd4 e6 6. Nc3 Bb4 7. Nf3 Nc6 8.
Bd3 Bxc3+ 9. bxc3 Nf6 10. O-O O-O 11. Re1 h6 12. Ne5 Rd8 13. Bc4 Qd6 14. Qf3 Ne7
15. Bxh6 Nf5 16. Bg5 Rb8 17. a4 b6 18. Bb5 Bb7 19. Bc6 Bc8 20. g4 Ne7 21. Bxf6
gxf6 22. Qxf6 Rf8 23. Be4 Bb7 24. Qg5+ Ng6 25. Nxg6 f6 26. Qh6 Bxe4 27. Rxe4 Qc6
28. Rae1 f5 29. Rxe6 Qf3 30. Nh4 Qxg4+ 31. Kh1 Kf7 32. Qf6+ Kg8 33. Qh6 Kf7 34.
Qg6+ Qxg6 35. Nxg6 Rfc8 36. Nf4 Rxc3 37. Re7+ Kf6 38. Rxa7 b5 39. axb5 Rxb5 40.
Ra6+ Kg5 41. Ne6+ Kg4 42. Ng7 Kf3 43. Nh5 Kxf2 44. Raa1 f4 45. Rf1+ Ke2 46.
Nxf4+ Ke3 47. Rae1+ Kd2 48. Ne6 Rb6 49. Rd1+ Ke3 50. d5 Rc2 51. d6 Rbb2 52.
Rde1+ Kd3 53. Nf4+ Kc4 54. Re3 Rxh2+ 0-1

[Event "Women's Speed Chess Q5"]
[Site "chess.com INT"]
[Date "2020.06.22"]
[Round "8"]
[White "Khotenashvili, Bela"]
[Black "Zhao, Xue"]
[Result "1/2-1/2"]
[WhiteTitle "GM"]
[BlackTitle "GM"]
[WhiteElo "2458"]
[BlackElo "2486"]
[WhiteFideId "13602640"]
[BlackFideId "8601283"]
[EventDate "2020.06.22"]

1. Nf3 Nf6 2. g3 b5 3. Bg2 d5 4. O-O e6 5. d3 Nbd7 6. Nbd2 c5 7. Re1 Be7 8. e4
O-O 9. e5 Ne8 10. Nf1 Nc7 11. h4 b4 12. Bg5 f6 13. exf6 gxf6 14. Bh6 Rf7 15. d4
Bb7 16. c3 Kh8 17. Bh3 Bf8 18. Bf4 e5 19. dxe5 fxe5 20. Nxe5 Nxe5 21. Bxe5+ Bg7
22. Bxg7+ Rxg7 23. cxb4 Qxh4 24. Bg2 Qxb4 25. Rc1 Rf8 26. Qc2 c4 27. Ne3 Qb6 28.
Nf5 Rgf7 29. g4 Ne6 30. Rcd1 Nf4 31. Qc3+ Qf6 32. Qxf6+ Rxf6 33. Re7 Bc8 34.
Bxd5 Bxf5 35. gxf5 Rxf5 36. Be4 Rg5+ 37. Kf1 Rh5 38. Rdd7 Ng6 39. Rf7 Rxf7 40.
Rxf7 a5 41. Rc7 Rb5 42. Rxc4 Rxb2 43. Ra4 Rb5 44. Bd3 Rc5 45. Bxg6 hxg6 46. Ke2
Kg7 47. Kd3 Kf6 48. f4 Rf5 49. Ke4 g5 50. fxg5+ Rxg5 51. Rd4 Rg4+ 52. Kd5 Rxd4+
53. Kxd4 Ke6 54. Kc4 Kd6 55. Kb5 Kc7 56. Kxa5 Kb7 57. a4 Ka8 58. Kb5 Ka7 59. a5
Ka8 60. a6 Ka7 61. Ka5 Ka8 62. Kb6 Kb8 63. a7+ Ka8 64. Ka6 1/2-1/2

[Event "Women's Speed Chess Q5"]
[Site "chess.com INT"]
[Date "2020.06.22"]
[Round "8"]
[White "Karnaukhova, Elmira"]
[Black "Fominykh, Maria"]
[Result "0-1"]
[WhiteTitle "WGM"]
[BlackTitle "WGM"]
[WhiteElo "2319"]
[BlackElo "2206"]
[WhiteFideId "4148827"]
[BlackFideId "4142411"]
[EventDate "2020.06.22"]

1. d4 Nf6 2. c4 g6 3. Nc3 Bg7 4. e4 O-O 5. h3 d6 6. Bg5 c5 7. d5 a6 8. a4 e6 9.
Bd3 exd5 10. exd5 Re8+ 11. Nge2 h6 12. Bh4 Nbd7 13. f4 Qa5 14. O-O Nh7 15. Qc2
Ndf8 16. Ne4 Qc7 17. N2c3 f5 18. Nd2 Bd4+ 19. Kh1 Qg7 20. Nf3 Be3 21. Rae1 Bd7
22. Bg3 Nf6 23. Nd2 Nh5 24. Bh2 Bd4 25. Nf3 Be3 26. Nd2 Bd4 27. Nf3 Be3 28. Ng1
Bd4 29. Nge2 Be3 30. Nd1 Bd4 31. Nxd4 Qxd4 32. Bg1 Ng3+ 33. Kh2 Nxf1+ 34. Rxf1
Qf6 35. Nc3 Re7 36. Be3 Rxe3 37. Qd2 Rae8 38. b3 Qd4 39. Rd1 Qxf4+ 40. Kh1 Qg3
41. Ne2 Qf2 42. Qc3 Rxe2 43. Bxe2 Rxe2 44. Rg1 Qf4 45. Qf6 Qe5 46. Qd8 f4 47.
Rf1 f3 0-1

[Event "Women's Speed Chess Q5"]
[Site "chess.com INT"]
[Date "2020.06.22"]
[Round "8"]
[White "Danielian, Elina"]
[Black "Divya, Deshmukh"]
[Result "0-1"]
[WhiteTitle "GM"]
[BlackTitle "WIM"]
[WhiteElo "2407"]
[BlackElo "2305"]
[WhiteFideId "13300210"]
[BlackFideId "35006916"]
[EventDate "2020.06.22"]

1. d4 Nf6 2. Nf3 e6 3. e3 b6 4. Bd3 Bb7 5. O-O Be7 6. c4 O-O 7. Nc3 d6 8. e4
Nbd7 9. d5 e5 10. a3 a5 11. b3 Ne8 12. Be3 g6 13. Qc2 Ng7 14. Bh6 Nc5 15. b4
Nxd3 16. Qxd3 f5 17. Rab1 Bc8 18. c5 bxc5 19. bxc5 fxe4 20. Nxe4 Ba6 21. Qc3
Bxf1 22. Rxf1 Rf7 23. Bxg7 Kxg7 24. h3 Rb8 25. Rc1 Kg8 26. Qxa5 Rf4 27. cxd6
cxd6 28. Qxd8+ Rxd8 29. Nfd2 Ra8 30. Rc7 Bf8 31. g3 Rf7 32. Rc3 Rfa7 33. Nc4 Rc8
34. Kf1 Rac7 35. Ned2 Bh6 36. Rb3 Rxc4 37. Nxc4 Rxc4 38. Rb6 Bf8 39. Ra6 Rc5 40.
a4 Rxd5 41. a5 Rd1+ 42. Ke2 Ra1 43. Ra8 d5 44. a6 Kg7 45. Kd3 Ra3+ 46. Ke2 Bc5
47. Rc8 Bd4 48. Rd8 Ra2+ 49. Kd3 Rxa6 50. Rxd5 Ra3+ 51. Ke4 Bxf2 52. Rxe5 Re3+
53. Kd4 Rxe5+ 54. Kxe5 Bxg3+ 55. Ke4 h5 56. Kf3 Be5 57. Ke4 Kf6 58. Kf3 Kf5 59.
Ke3 Kg5 60. Kf3 Kh4 61. Kg2 Bd6 62. Kf3 Kxh3 0-1

[Event "Women's Speed Chess Q5"]
[Site "chess.com INT"]
[Date "2020.06.22"]
[Round "8"]
[White "Enkhtuul, Altan-Ulzii"]
[Black "Nguyen, Thi Thanh An"]
[Result "1-0"]
[WhiteTitle "WGM"]
[BlackTitle "WGM"]
[WhiteElo "2228"]
[BlackElo "2285"]
[WhiteFideId "4901444"]
[BlackFideId "12400300"]
[EventDate "2020.06.22"]

1. b4 e5 2. Bb2 f6 3. e4 Ne7 4. f4 exf4 5. Qh5+ Ng6 6. Nh3 Qe7 7. Bd3 Qf7 8. O-O
Nc6 9. a3 Bd6 10. c4 Be5 11. Nc3 Bd4+ 12. Kh1 Nce5 13. Be2 O-O 14. Nxf4 Nxf4 15.
Qxf7+ Rxf7 16. Rxf4 c6 17. d3 d6 18. Rb1 a5 19. b5 Be6 20. Na4 Bxb2 21. Rxb2 c5
22. Nc3 b6 23. Na4 Rb8 24. h3 Re7 25. Rf1 Reb7 26. Rd1 Rd7 27. Rc2 Re7 28. d4
Nd7 29. dxc5 Nxc5 30. Nxc5 dxc5 31. Bf3 Kf7 32. Rd6 Rd7 33. Rxe6 Kxe6 34. Bg4+
Ke7 35. Bxd7 Kxd7 36. Kg1 Ke6 37. Kf2 Rd8 38. Ke3 Rd4 39. Rd2 Rxc4 40. Rd8 Rc3+
41. Kf4 g5+ 42. Kg4 Rxa3 43. Rb8 Ra4 44. Rxb6+ Ke5 45. Kf3 Rxe4 46. Rc6 Rf4+ 47.
Ke3 Kd5 48. Ra6 Rb4 49. b6 Kc6 50. b7+ Kxb7 51. Rxa5 Kb6 52. Ra8 Kc6 53. Ra6+
Rb6 54. Ra7 Kd5 55. Rxh7 c4 56. Rd7+ Rd6 57. Rc7 Rc6 58. Rd7+ Kc5 59. Rd1 Kb4
60. Rb1+ Ka3 61. Kd2 Ka2 62. Kc2 c3 63. Rb8 Re6 64. Ra8+ Ra6 65. Rxa6# 1-0

[Event "Women's Speed Chess Q5"]
[Site "chess.com INT"]
[Date "2020.06.22"]
[Round "8"]
[White "Diakonova, Ekaterina"]
[Black "Tokhirjonova, Gulrukhbegim"]
[Result "0-1"]
[BlackTitle "WGM"]
[WhiteElo "2209"]
[BlackElo "2378"]
[WhiteFideId "24172936"]
[BlackFideId "14203626"]
[EventDate "2020.06.22"]

1. e4 e5 2. Nf3 Nc6 3. Bb5 a6 4. Ba4 Nf6 5. O-O Be7 6. Re1 b5 7. Bb3 d6 8. h3
Nd4 9. Nxd4 exd4 10. d3 O-O 11. Nd2 Be6 12. f4 c5 13. Bxe6 fxe6 14. Nf3 Qd7 15.
e5 Nd5 16. exd6 Bxd6 17. Ne5 Qc7 18. Qg4 Rae8 19. a4 Rf5 20. axb5 axb5 21. Ra6
Nf6 22. Qe2 Bxe5 23. fxe5 Nd5 24. Qe4 Qf7 25. Rc6 Rf8 26. Rxc5 Rf1+ 27. Kh2 Ne3
28. Bxe3 Rxe1 29. Qxd4 Qf1 30. Rc7 Re2 31. Qg4 g6 32. Qxe6+ Rf7 33. Qxf7+ Qxf7
34. Rxf7 Kxf7 35. Bd4 Rxc2 36. Bc3 Ke6 37. Kg3 Re2 38. Kf3 Rc2 39. g3 Kd5 40.
Kf4 h6 41. h4 Rc1 42. Kg4 Rd1 43. h5 gxh5+ 44. Kxh5 Rxd3 45. g4 Rh3+ 46. Kg6 Ke6
47. Kg7 Rh4 48. Kg6 Rxg4+ 49. Kxh6 b4 50. Bd2 b3 51. Kh5 Rg2 52. Bc3 Rc2 53. Kg4
Rxc3 54. bxc3 b2 55. Kf4 b1=Q 56. Ke3 Qf5 57. Kd4 Qxe5+ 58. Kc4 Kd6 59. Kb4 Qc5+
60. Kb3 Kd5 0-1

[Event "Women's Speed Chess Q5"]
[Site "chess.com INT"]
[Date "2020.06.22"]
[Round "8"]
[White "Martsynovskaya, Marina"]
[Black "Ismayil, Malak"]
[Result "1-0"]
[WhiteTitle "WIM"]
[BlackTitle "WCM"]
[WhiteElo "2046"]
[BlackElo "1997"]
[WhiteFideId "609218"]
[BlackFideId "13412604"]
[EventDate "2020.06.22"]

1. e4 e5 2. Bc4 Nc6 3. d3 Bc5 4. Nf3 Nf6 5. O-O O-O 6. h3 h6 7. Nbd2 d6 8. c3
Bb6 9. Bb3 a6 10. Re1 Be6 11. Bc2 Re8 12. Nf1 d5 13. exd5 Bxd5 14. Be3 Bxe3 15.
Nxe3 Be6 16. d4 exd4 17. Nxd4 Nxd4 18. cxd4 c6 19. Qd3 Qd7 20. Nc4 Bxc4 21. Qxc4
Rad8 22. Rxe8+ Qxe8 23. Kf1 Qd7 24. Rd1 Qd6 25. Bb3 Rd7 26. f3 Nh5 27. d5 c5 28.
a4 Ng3+ 29. Kf2 Nf5 30. Re1 Nd4 31. Re8+ Kh7 32. Qd3+ g6 33. Bc4 b5 34. axb5
axb5 35. Bxb5 Nxb5 36. Qxb5 Qxd5 37. Qe2 Qd4+ 38. Kg3 Qd6+ 39. Qe5 Qxe5+ 40.
Rxe5 Rd2 41. Rxc5 Rxb2 42. Rc3 Kg7 43. f4 Rb5 44. Kf3 h5 45. g4 hxg4+ 46. hxg4
Rb1 47. g5 Rf1+ 48. Ke3 Ra1 49. Rc7 Ra3+ 50. Ke4 Ra4+ 51. Kf3 Ra3+ 52. Kg4 Ra1
53. Kg3 Rg1+ 54. Kf2 Ra1 55. Ke3 Ra2 56. Ke4 Ra3 57. Ke5 Ra5+ 58. Ke4 Ra4+ 59.
Kf3 Ra3+ 60. Kg4 Ra1 61. Rc4 Rg1+ 62. Kf3 Ra1 63. Ke4 Re1+ 64. Kf3 Rf1+ 65. Ke2
Ra1 66. Rc5 Ra2+ 67. Kf3 Ra3+ 68. Ke4 Ra4+ 69. Ke5 Ra1 70. f5 Re1+ 71. Kf4 Rf1+
72. Kg4 Rg1+ 73. Kh4 Rh1+ 74. Kg3 Rg1+ 75. Kf4 Rf1+ 76. Ke5 Rxf5+ 77. Kd6 Rxc5
78. Kxc5 f6 79. gxf6+ 1-0

[Event "Women's Speed Chess Q5"]
[Site "chess.com INT"]
[Date "2020.06.22"]
[Round "8"]
[White "Bodnaruk, Anastasia"]
[Black "Kashlinskaya, Alina"]
[Result "1/2-1/2"]
[WhiteTitle "IM"]
[BlackTitle "IM"]
[WhiteElo "2411"]
[BlackElo "2494"]
[WhiteFideId "4181751"]
[BlackFideId "4198026"]
[EventDate "2020.06.22"]

1. e4 e5 2. Bc4 Nf6 3. d3 c6 4. Nf3 d5 5. Bb3 a5 6. a4 Bb4+ 7. c3 Bd6 8. Qe2 O-O
9. O-O Re8 10. Bg5 Nbd7 11. exd5 Nc5 12. Ba2 Bf5 13. Ne1 h6 14. Bxf6 Qxf6 15.
Nd2 e4 16. d4 Nxa4 17. dxc6 bxc6 18. Bxf7+ Qxf7 19. Rxa4 Qg6 20. Nc2 e3 21. Nxe3
Bd3 22. Qf3 Rf8 23. Qg4 Qxg4 24. Nxg4 Bxf1 25. Nxf1 Rab8 26. Ra2 Rb5 27. Nge3
Bf4 28. Nc4 Bc1 29. Nfe3 Rfb8 30. Nd1 Rd8 31. Nxa5 Bxb2 32. Nxb2 Ra8 33. f4
Rbxa5 34. Rxa5 Rxa5 35. Nc4 Ra1+ 36. Kf2 Rc1 37. Ne3 Rxc3 38. Kf3 Kf7 39. Ke4
Ke6 40. f5+ Kd6 41. g4 Rc1 42. h4 Re1 43. Kd3 c5 44. dxc5+ Kxc5 45. Ke4 Re2 46.
Kf3 Re1 47. g5 hxg5 48. hxg5 Kd6 49. Kf4 Ke7 50. Nd5+ Kf7 51. Ne3 Ra1 52. Ke5
Ra5+ 53. Kf4 Ra4+ 54. Ke5 Ra3 55. Nd5 Rg3 56. g6+ Kf8 57. Nf4 Re3+ 58. Kd4 Rf3
59. Ke4 Rf1 60. Ke5 Re1+ 61. Kd6 Re4 62. Ne6+ Kg8 63. Kd5 Re1 64. Kd6 Re2 65.
Kd5 Rf2 66. Ke5 Re2+ 67. Kd6 Re1 68. Kd5 Rd1+ 69. Ke5 Re1+ 70. Kd5 Rf1 71. Ke5
Re1+ 72. Kd5 1/2-1/2

[Event "Women's Speed Chess Q5"]
[Site "chess.com INT"]
[Date "2020.06.22"]
[Round "8"]
[White "Vantika, Agrawal"]
[Black "Goryachkina, Aleksandra"]
[Result "1-0"]
[WhiteTitle "WIM"]
[BlackTitle "GM"]
[WhiteElo "2286"]
[BlackElo "2582"]
[WhiteFideId "25050389"]
[BlackFideId "4147103"]
[EventDate "2020.06.22"]

1. d4 d5 2. c4 e6 3. Nf3 Nf6 4. g3 dxc4 5. Bg2 a6 6. O-O Nc6 7. Bg5 Be7 8. e3
O-O 9. Nbd2 Nd5 10. Bxe7 Ncxe7 11. Nxc4 Bd7 12. Rc1 Bb5 13. Re1 Bxc4 14. Rxc4 c6
15. Qd2 Nc8 16. e4 Nde7 17. Rcc1 Nd6 18. h4 h6 19. Ne5 a5 20. a4 Ne8 21. Red1
Nf6 22. Nc4 Ng6 23. e5 Nd5 24. h5 Nge7 25. Nd6 Qd7 26. Be4 Nc8 27. Nc4 Qd8 28.
Qe2 Ndb6 29. b3 Nd5 30. Bb1 f5 31. exf6 Qxf6 32. Ne5 Ncb6 33. Rd3 Nb4 34. Rf3
Qd8 35. Qe4 Rxf3 36. Nxf3 Kf8 37. Ne5 Qf6 38. Kg2 N4d5 39. Rd1 Rd8 40. Rd3 Ke7
41. Rf3 Qg5 42. Rf7+ Kd6 43. Rf3 Nf6 44. Nf7+ Kc7 45. Nxg5 Nxe4 46. Nxe4 Rd7 47.
Nc5 Re7 48. Be4 Kd6 49. Rf8 e5 50. Rd8+ Kc7 51. Rg8 exd4 52. Bf5 Kd6 53. Ne4+
Kc7 54. Bg6 Nd5 55. Rf8 d3 56. Rf3 Nb4 57. Re3 b6 58. Re1 c5 59. Rd1 Rd7 60. Nc3
Rd4 61. Nb5+ 1-0

[Event "Women's Speed Chess Q5"]
[Site "chess.com INT"]
[Date "2020.06.22"]
[Round "8"]
[White "Mohota, Nisha"]
[Black "Zvereva, Margarita"]
[Result "0-1"]
[WhiteTitle "IM"]
[BlackTitle "WFM"]
[WhiteElo "2195"]
[BlackElo "1929"]
[WhiteFideId "5004330"]
[BlackFideId "34177741"]
[EventDate "2020.06.22"]

1. Nf3 d5 2. g3 Nf6 3. Bg2 e6 4. O-O Be7 5. c4 O-O 6. d4 c6 7. Qc2 b6 8. Nbd2
Bb7 9. e4 Na6 10. cxd5 cxd5 11. e5 Nd7 12. a3 Rc8 13. Qd3 Nc7 14. Rd1 Ba6 15.
Qe3 f6 16. exf6 Bxf6 17. Nf1 Ne8 18. Qxe6+ Kh8 19. Qxd5 Nc7 20. Qe4 Re8 21. Qf5
Be2 22. Re1 g6 23. Qh3 Bxf3 24. Rxe8+ Qxe8 25. Bxf3 Bxd4 26. Bg4 Rd8 27. Bg5 Nf6
28. Bf3 Bxb2 29. Rb1 Bd4 30. Ne3 Qf7 31. Rd1 Ne6 32. Bh6 Ng7 33. Qh4 Ne6 34. Nd5
Rxd5 35. Bxd5 Bxf2+ 36. Kxf2 Nxd5+ 37. Bf4 Ndxf4 38. gxf4 Nxf4 39. Rd8+ Kg7 40.
Ke3 Ne6 41. Rc8 Nc5 0-1